Removing the incentive for written contracts is madness (Record no. 79087)
[ view plain ]
| 000 -LEADER | |
|---|---|
| fixed length control field | 01355cab a22002295a 4500 |
| 001 - CONTROL NUMBER | |
| control field | L139768 |
| 008 - FIXED-LENGTH DATA ELEMENTS--GENERAL INFORMATION | |
| fixed length control field | 070807e20070802xxk f 000 0 eng d |
| 035 ## - SYSTEM CONTROL NUMBER | |
| System control number | (Sirsi) u139768 |
| 041 0# - LANGUAGE CODE | |
| Language code of text/sound track or separate title | eng |
| 100 1# - MAIN ENTRY--PERSONAL NAME | |
| Personal name | Winter, Jeremy |
| 245 00 - TITLE STATEMENT | |
| Title | Removing the incentive for written contracts is madness |
| 260 ## - PUBLICATION, DISTRIBUTION, ETC. | |
| Date of publication, distribution, etc. | 2007 |
| 490 #0 - SERIES STATEMENT | |
| Series statement | Construction News |
| Volume/sequential designation | (7029) 2 August 2007, 28(1) |
| 520 ## - SUMMARY, ETC. | |
| Summary, etc. | Debates one of the proposed changes to the Housing Grants, Construction and Regeneration Act 1996 as set out in government's latest consultation (L138559). The proposed change will mean the 1996 Act will apply to any construction contract, whether written or oral, or partly written and partly oral. Argues that this will remove an incentive to get an agreement in writing and that adjudication is not a suitable method of resolving disputes over oral agreements. Concludes that the 1996 Act works well enough in its current form and amending s107 could lead to a mass of litigation cases. |
| 590 ## - LOCAL NOTE (RLIN) | |
| Local note | KA |
| 650 24 - SUBJECT ADDED ENTRY--TOPICAL TERM | |
| Topical term or geographic name entry element | HOUSING GRANTS, CONSTRUCTION AND REGENERATION ACT 1996 S107 |
| 650 24 - SUBJECT ADDED ENTRY--TOPICAL TERM | |
| Topical term or geographic name entry element | RJT CONSULTING ENGINEERS LTD V DM ENGINEERING (NORTHERN IRELAND) LTD |
| 650 24 - SUBJECT ADDED ENTRY--TOPICAL TERM | |
| Topical term or geographic name entry element | GROVEDECK LTD V CAPITAL DEMOLITION LTD |
| 651 #4 - SUBJECT ADDED ENTRY--GEOGRAPHIC NAME | |
| Geographic name | Great Britain |
| Chronological subdivision | 1707- |
| 690 ## - LOCAL SUBJECT ADDED ENTRY--TOPICAL TERM (OCLC, RLIN) | |
| Topical term or geographic name as entry element | BUILT ENVIRONMENT-CONSTRUCTION MANAGEMENT-BUILDING CONTRACT ADMINISTRATION |
| 942 ## - ADDED ENTRY ELEMENTS (KOHA) | |
| Suppress in OPAC | 0 |
| Withdrawn status | Lost status | Source of classification or shelving scheme | Damaged status | Not for loan | Home library | Current library | Shelving location | Date acquired | Total Checkouts | Full call number | Barcode | Date last seen | Copy number | Price effective from | Koha item type |
|---|---|---|---|---|---|---|---|---|---|---|---|---|---|---|---|
| Dewey Decimal Classification | London | London | Journal article | 07/08/2007 | L139768 | 139768-1001 | 06/08/2019 | 1 | 06/08/2019 | Journal article |